Teoría literaria y lingüística
Guardat en:
| Autor principal: | |
|---|---|
| Format: | Llibre |
| Idioma: | espanyol |
| Publicat: |
Madrid
Cátedra
1977
|
| Matèries: | |
| Etiquetes: |
Afegir etiqueta
Sense etiquetes, Sigues el primer a etiquetar aquest registre!
|
MARC
| LEADER | 00000nam a2200000 a 4500 | ||
|---|---|---|---|
| 001 | UCW8637 | ||
| 003 | CL-VaPUC | ||
| 008 | 881011e19770000SP |||||||||||||||||spa|d | ||
| 082 | 0 | 4 | |a 410 |b UIT |2 21 |
| 100 | 0 | |a Uitti, Karl D |e author |9 313879 | |
| 245 | 1 | 0 | |a Teoría literaria y lingüística |
| 300 | |a 223 p | ||
| 942 | |c BK | ||
| 945 | |d 19881011 00:00:00 | ||
| 260 | |a Madrid |b Cátedra |c 1977 | ||
| 650 | 0 | |a Lingüística |9 265068 | |
| 650 | 0 | |a Lenguaje y lenguas |9 265846 | |
| 650 | 0 | |a Crítica literaria |9 269189 | |
| 583 | |a last modification |c 19881011 00:00:00 |k Rodrigo Vera | ||
| 999 | |c 220963 |d 220961 | ||
| 952 | |0 0 |1 0 |4 0 |6 410_000000000000000_UIT_1977 |7 0 |8 A |9 213818 |a BIBEDU |b BIBEDU |d 2019-11-15 |i 2821095 |o 410 UIT 1977 |p 2821095 |r 2019-11-15 |w 2019-11-15 |y BK |k LIT | ||
| 952 | |0 0 |1 0 |4 0 |6 410_000000000000000_UIT_1977 |7 0 |8 A |9 213819 |a FDOPOS |b FDOPOS |d 2019-11-15 |i 1467581 |o 410 UIT 1977 |p 1467581 |r 2025-01-22 |w 2019-11-15 |y BK |k MLA | ||
| 952 | |0 0 |1 0 |4 0 |6 410_000000000000000_UIT_1977 |7 0 |8 A |9 213820 |a FDOPOS |b FDOPOS |d 2019-11-15 |i 431851K |o 410 UIT 1977 |p 431851K |r 2025-01-22 |w 2019-11-15 |y BK |k MLA | ||